000 00217nam a2200085Ia 4500
008 120527s9999 xx 000 0 und d
100 _aPrezbinowski
245 _aPorth's pathophysiology: concepts of altered
942 _cBK
999 _c27526
_d27526